000 00628nam a2200205Ia 4500
003 GCL
008 140319s9999 xx 000 0 ara d
040 _aGCL /
_cGCL
082 0 4 _aط
_b813.2
_bى ح
100 1 _aيعقوب الشارونى
245 1 0 _aالاسد والحمار /
_cيعقوب الشارونى
700 1 _aعبدالرحمن نورالدين
260 _a[S.N] :
_bدار الكتاب المصرى ،
_c1993
300 _a16 ص
490 _aحكايات الاولاد والبنات
_v0
650 0 4 _aالاطفال
650 0 4 _aالقصص
650 0 4 _aقصص الاطفال
942 _2ddc
_cBK
999 _c57031
_d57031